| 000 | 00000nam##2200000za#4500 |
| 001 | 9.605190 |
| 003 | CaOODSP |
| 005 | 20210624212006 |
| 007 | cr ||||||||||| |
| 008 | 150406|2009||||xxc|||||o f|0| 0 fre|d |
| 040 | |aCaOODSP|bfre |
| 043 | |an-cn--- |
| 086 | 1 |aTU3-5/09-17F-PDF |
| 110 | 2 |aBureau de la sécurité des transports du Canada. |
| 245 | 10|aPanne d'alimentation en carburant et atterrissage forcé du Cessna 185A C-FBWP exploité par West Caribou Air Service Inc. à 10 nm au nord-est de Thunder Bay (Ontario), le 23 octobre 2009 |h[ressource électronique] |
| 260 | |aGatineau - Québec : |bBureau de la sécurité des transports du Canada |c[2009]. |
| 300 | |a15p.|bill. en couleur, figure, références |
| 490 | 1 |aRapport d'enquête aéronautique |vA09C0167 |
| 590 | |a13-06-Supp|b2013-03-19 |
| 775 | 08|tFuel starvation and forced landing - West Caribou Air Service Inc. Cessna 185A C-FBWP Thunder Bay, Ontario, 10 nm NE, 23 October 2009 |w(CaOODSP)9.575721 |
| 830 | #0|aRapport d'enquête aéronautique ;|vA09C0167|w(CaOODSP)9.501229 |
| 856 | 40|ahttp://publications.gc.ca|qPDF|s544 Ko|uhttps://publications.gc.ca/collections/collection_2013/bst-tsb/TU3-5-09-17-fra.pdf|yA09C0167 |